| 000 | 01031nam0a22002891 4500 | ||
|---|---|---|---|
| 001 | rc\686247 | ||
| 005 | 20031121170105.8 | ||
| 035 | _a(NLR Aleph) 005923214 | ||
| 090 |
_a6499396 _c6499396 |
||
| 100 | _a20031121d1985 u |0rusy50 ca | ||
| 101 | 0 | _arus | |
| 102 | _aRU | ||
| 105 | _ay ||||||||| | ||
| 200 | 1 | _aРаботы И.М. Лифшица по теории неупорядоченных систем | |
| 210 |
_aХарьков _cФТИНТ _d1985 |
||
| 215 |
_a26 с. _d20 |
||
| 225 | 1 |
_aПрепринт _fАН УССР, Физ.-техн. ин-т низ. температур _v3-85 |
|
| 300 | _aРез. на англ. яз. | ||
| 320 | _aБиблиогр.: с. 21-26 | ||
| 600 | 1 |
_aЛифшиц _bИ.М. _gИлья Михайлович _f1917-1982 _2psbo |
|
| 700 | 1 |
_aГредескул _bС. А. _gСергей Андреевич |
|
| 701 | 1 |
_aПастур _bЛ. А. _gЛеонид Андреевич |
|
| 801 | 0 |
_aRU _bNLR _gpsbo |
|
| 801 | 1 |
_aRU _bELAR _2rusmarc |
|
| 852 |
_aNLR _j85-4/31643 |
||
| 942 | _cBOOK | ||
| 980 | _aNB | ||